000 00339nab a22001097u 4500
008 130520b1987 xxu||||| |||| 00| 0 spa d
041 _aspa
100 1 _aNgindu Mushete, A.
_967200
245 0 0 _aLa noción de verdad en la teología africana
_cA. Ngindu Mushete
773 0 _tConcilium
_gV.2,1987,págs.69-80
_x0210-1041
_wRev134
942 _cAR
999 _c355334
_d355334